Detalles MARC
| 000 -LEADER |
| fixed length control field |
01047nam a2200277 a 4500 |
| 001 - CONTROL NUMBER |
| control field |
000017403 |
| 003 - CONTROL NUMBER IDENTIFIER |
| control field |
DO-SdBNP |
| 005 - DATE AND TIME OF LATEST TRANSACTION |
| control field |
20220811125610.0 |
| 007 - PHYSICAL DESCRIPTION FIXED FIELD--GENERAL INFORMATION |
| fixed length control field |
000017403 |
| 008 - FIXED-LENGTH DATA ELEMENTS--GENERAL INFORMATION |
| fixed length control field |
100324s2007 dr a 000 f spa d |
| 040 ## - CATALOGING SOURCE |
| Original cataloging agency |
BPMSU |
| Language of cataloging |
spa |
| Transcribing agency |
BPMSU |
| 082 ## - DEWEY DECIMAL CLASSIFICATION NUMBER |
| Classification number |
H843 |
| Item number |
R859g |
| Edition number |
22 |
| 100 1# - MAIN ENTRY--PERSONAL NAME |
| Personal name |
Roumain, Jacques |
| Dates associated with a name |
1907-1944 |
| 245 10 - TITLE STATEMENT |
| Title |
Gobernadores del rocío / |
| Statement of responsibility, etc. |
Jacques Roumain ; prólogo Andrés L. Mateo ; prólogista caribeña, notas, cronología y bibliografía Michaelle Ascencio. |
| 260 ## - PUBLICATION, DISTRIBUTION, ETC. (IMPRINT) |
| Place of publication, distribution, etc. |
Santo Domingo : |
| Name of publisher, distributor, etc. |
Secretaría de Estado de Cultura, |
| -- |
FUNGLODE, |
| Date of publication, distribution, etc. |
2007. |
| 300 ## - PHYSICAL DESCRIPTION |
| Extent |
290 p. : |
| Other physical details |
il., ; |
| Dimensions |
23 cm. |
| 500 ## - GENERAL NOTE |
| General note |
Bibliografía: p. 281-288 |
| 504 ## - BIBLIOGRAPHY, ETC. NOTE |
| Bibliography, etc |
Incluye referencias bibliográficas y nostas al pie de las páginas. |
| 650 #4 - SUBJECT ADDED ENTRY--TOPICAL TERM |
| Topical term or geographic name as entry element |
Novela haitiana |
| 650 #4 - SUBJECT ADDED ENTRY--TOPICAL TERM |
| Topical term or geographic name as entry element |
Literatura haitiana |
| 700 12 - ADDED ENTRY--PERSONAL NAME |
| Personal name |
Mateo, Andrés L., |
| Dates associated with a name |
pról. |
| 700 1# - ADDED ENTRY--PERSONAL NAME |
| Personal name |
Ascencio, Michaelle, |
| Dates associated with a name |
pról. |
| 710 2# - ADDED ENTRY--CORPORATE NAME |
| Corporate name or jurisdiction name as entry element |
Fundación Global Democracia y Desarrollo (República Dominicana) |
| 910 ## - USER-OPTION DATA (OCLC) |
| User-option data |
VMATEO V./Validado. Control de calidad MFF |
| 942 ## - ADDED ENTRY ELEMENTS (KOHA) |
| Source of classification or shelving scheme |
Dewey Decimal Classification |
| Koha item type |
Libros |